000 01133cam a22002651i 4500
003 SA-RiAUC
005 20251106090840.0
008 251028q19001999||| g 000a0dara c
040 _aJO-MaAABU
_bara
_cSA-RiAUC
_erda
050 4 _b.M35
082 0 4 _a239.3
090 _a239.3
_bح س ن
100 1 _aالحسني، محمد بن علوي المالكي،
_d1367-1425 هجري
_eمؤلف.
245 1 2 _aالأنوار البهية من إسراء ومعراج خير البرية /
_cالسيد محمد بن علوي المالكي الحسني.
264 1 _a[مكان النشر غير محدد] :
_b[الناشر غير محدد]،
_c[بين 1900 و1999]
300 _a96 صفحة ؛
_c21 سم
336 _aنص
_btxt
_2rdacontent
_3كتاب
337 _aبدون وسيط
_bn
_2rdamedia
338 _aمجلد
_bnc
_2rdacarrier
600 0 7 _aمحمد (صلى الله عليه وسلم)،
_d53 قبل الهجرة-11 هجري
_2aucnm
650 7 _aالإسراء والمعراج
_2aucsh
650 7 _aالسيرة النبوية
_2aucsh
942 _2ddc
_cBOOK
_n0
949 _aSA-JeALM
_d251028
_umohamedma123
_n1
999 _c13062
_d13062